000 00702nam a22002537a 4500
001 26306
003 UA-OsUOA
005 20201227211224.0
007 ta
008 20040526b un ||||| |||| 00| 0 ukr d
040 _aUA-OsUOA
_brus
_cUA-OsUOA
_dUA-OsUOA
041 _arus
044 _aRU
080 _a22.11
090 _a22.11
_bК67
100 _aКорн Г.
245 _aСправочник по математике для научных работников и инженеров
260 _aМосква
_bНаука
_c1974
300 _a832 с.
650 7 _2UDC
942 _cBK
_2udc
955 _a0
999 _c312626
_d312626